Materiály ke cvičením z ASŘ pro fakultu výrobně ekonomickou

Uložené v:
Podrobná bibliografia
Hlavný autor: Ehleman, Jan
Korporativný autor: Vysoká škola ekonomická v Praze. Fakulta řízení
Médium: Kniha
Jazyk:Czech
Vydavateľské údaje: Praha Státní pedagogické nakladatelství 1981
Tagy: Pridať tag
Žiadne tagy, Buďte prvý, kto otaguje tento záznam!

MARC

LEADER 00000nam a2200000 4500
001 c131616
005 20190204091311.6
041 0 |a cze 
044 |a CZ 
245 1 0 |a Materiály ke cvičením z ASŘ pro fakultu výrobně ekonomickou  |c Jan Ehleman a kol. 
264 1 |a Praha  |b Státní pedagogické nakladatelství  |c 1981 
300 |a 215 s. 
100 1 |a Ehleman, Jan 
710 2 |a Vysoká škola ekonomická v Praze. Fakulta řízení